NBA Click Quiz - Statistics

General Stats
  • This quiz has been taken 147 times
  • The average score is 6 of 9
Answer Stats
Hint Answer % Correct
King James
89%
Best Center Of All Time Kareem Abdul-Jabbar
79%
RIP Kobe Bean Bryant
79%
Goat Michael Jordan
79%
Hawks Dikembe Mutombo
71%
Most Successful Role Player Of All Time Robert Horry
64%
Glorious King
48%
Most Underrated Player Ever Tim Duncan
32%
Him Luka Doncic
18%
No matching quizzes found
Score Distribution
Percent of People with Each Score
Percentile by Number Answered
Your Score History
You have not taken this quiz